| 000 | 00562nam a2200241Ia 4500 | ||
|---|---|---|---|
| 003 | 0100 | ||
| 008 | 130227s9999 xx 000 0 und d | ||
| 020 | _a0860917304 | ||
| 040 | _cARRUPELIB | ||
| 050 | _aHQ1154.B274 | ||
| 100 | _aBarrett, Michele | ||
| 245 | _aWomen's oppression today | ||
| 245 | _bProblems in Marxist feminist analysis | ||
| 260 | _aLondon | ||
| 260 | _bVerso | ||
| 260 | _C1980 | ||
| 300 | _a268p | ||
| 300 | _b 20cm | ||
| 650 | _bUnitarianism | ||
| 650 | _cUniversalism | ||
| 650 | _dLiberation (Religion) | ||
| 942 |
_2lcc _03 |
||
| 999 |
_c5848 _d5848 |
||